[Event "Isle of Wight op"]
[Site "Ryde ENG"]
[Date "2025.02.20"]
[Round "5"]
[White "Vadalia, Jainill"]
[Black "Kaufman, Raymond"]
[Result "0-1"]
[WhiteElo "1998"]
[BlackElo "2178"]
[PlyCount "68"]
[GameId "2148950852538900"]
[EventDate "2025.02.18"]
[EventType "swiss"]
[EventRounds "9"]
[EventCountry "ENG"]
[SourceTitle "Mega2025 Update 17"]
[Source "Chessbase"]
[SourceDate "2025.02.28"]
[SourceVersion "1"]
[SourceVersionDate "2025.02.28"]
[SourceQuality "1"]

1. d4 Nf6 2. c4 e6 3. Nf3 c5 4. d5 d6 5. Nc3 exd5 6. cxd5 g6 7. e4 Bg7 8. Be2 O-O 9. O-O a6 10. a4 Re8 11. Qc2 Bg4 12. h3 {12.h3 scores better than 12.Bf4. 12.h3 punktet besser als 12.Lf4.} Bxf3 13. Bxf3 Nbd7 14. Bf4 Qc7 15. Rfe1 c4 16. Be2 Rac8 17. Rac1 Qc5 18. Be3 Qb4 $146 (18... Qa5 19. Bd2 Qc5 20. b3 Ne5 21. bxc4 Nxc4 22. Bxc4 Qxc4 {0-1 Sprotte,N-Reich,A GER U20-ch Uelzen 1970 (12)}) 19. f3 b5 20. axb5 axb5 21. Ra1 Ra8 22. Kf1 Nh5 23. Rab1 Nc5 24. Red1 Be5 25. Bd4 Bxd4 26. Rxd4 Nb3 27. Rdd1 Qc5 28. g4 Nf4 29. h4 b4 30. Nb5 Nxe2 31. Qxe2 Qxb5 32. h5 Rab8 33. Kg2 c3 34. Qc2 Nd2 0-1

[Event "Isle of Wight op"]
[Site "Ryde ENG"]
[Date "2025.02.21"]
[Round "6"]
[White "Fellowes, Billy"]
[Black "Kaufman, Raymond"]
[Result "0-1"]
[WhiteElo "2066"]
[BlackElo "2178"]
[PlyCount "94"]
[GameId "2148950852563529"]
[EventDate "2025.02.18"]
[EventType "swiss"]
[EventRounds "9"]
[EventCountry "ENG"]
[SourceTitle "Mega2025 Update 17"]
[Source "Chessbase"]
[SourceDate "2025.02.28"]
[SourceVersion "1"]
[SourceVersionDate "2025.02.28"]
[SourceQuality "1"]

1. e4 c5 2. Nf3 Nc6 3. Bb5 g6 4. O-O Bg7 5. Re1 e5 6. Bxc6 dxc6 7. d3 Qe7 8. a3 a5 9. Be3 Nf6 10. a4 Nd7 11. Na3 b6 12. Nc4 Ba6 13. b3 O-O 14. Qd2 Rfd8 15. Rab1 Rab8 16. Bh6 f6 17. Bxg7 Qxg7 18. g3 Nf8 19. Kg2 Bc8 20. Red1 Be6 21. Qe3 Qd7 22. c3 Bg4 23. Rd2 Ne6 24. Ne1 g5 25. f3 Bh5 26. Rdb2 Kh8 27. b4 axb4 28. cxb4 cxb4 29. Nxb6 Qa7 30. Rxb4 Nd4 31. Nc4 Rxb4 32. Rxb4 Bf7 33. Na3 Qc5 34. Qd2 Nb3 35. d4 Qa5 36. Qc3 exd4 37. Qxc6 Kg7 38. Nd3 g4 39. f4 Nd2 40. Rb6 Nxe4 41. Nb4 Rd6 42. Rb5 Qxb4 43. Qxe4 Qd2+ 44. Kf1 Re6 45. Qb1 Re2 46. Rh5 Bxh5 47. Qb7+ Bf7 0-1

[Event "Isle of Wight op"]
[Site "Ryde ENG"]
[Date "2025.02.22"]
[Round "7"]
[White "Kaufman, Raymond"]
[Black "Arkell, Keith C"]
[Result "1-0"]
[WhiteElo "2178"]
[BlackElo "2329"]
[PlyCount "81"]
[GameId "2148950852592253"]
[EventDate "2025.02.18"]
[EventType "swiss"]
[EventRounds "9"]
[EventCountry "ENG"]
[SourceTitle "Mega2025 Update 17"]
[Source "Chessbase"]
[SourceDate "2025.02.28"]
[SourceVersion "1"]
[SourceVersionDate "2025.02.28"]
[SourceQuality "1"]

1. d4 Nf6 2. Nf3 e6 3. c4 Bb4+ 4. Bd2 Bxd2+ 5. Qxd2 d6 6. Nc3 Qe7 7. g3 O-O 8. Bg2 e5 9. O-O Re8 10. Rad1 c6 11. dxe5 dxe5 12. Qd6 Qxd6 13. Rxd6 Bg4 14. Rfd1 Nbd7 15. h3 Bxf3 16. Bxf3 Nb6 17. b3 Nc8 18. R6d2 g6 19. e3 Kf8 20. g4 h6 21. Kh2 a5 22. Kg3 Ne7 23. Bg2 g5 24. Ne4 Nxe4+ 25. Bxe4 Ng8 26. Rd6 Kg7 27. Bf5 Nf6 28. f3 a4 29. b4 a3 30. b5 cxb5 31. cxb5 Ra4 32. Rb6 Re7 33. Rdd6 Ng8 34. Be4 Rc7 35. Rxb7 Rxb7 36. Bxb7 Rb4 37. b6 Rb2 38. Bd5 Ne7 39. Bb3 Ng6 40. h4 Nxh4 41. b7 1-0

[Event "Isle of Wight op"]
[Site "Ryde ENG"]
[Date "2025.02.22"]
[Round "8"]
[White "Gormally, Daniel"]
[Black "Kaufman, Raymond"]
[Result "1-0"]
[WhiteElo "2435"]
[BlackElo "2178"]
[PlyCount "87"]
[GameId "2148950852612782"]
[EventDate "2025.02.18"]
[EventType "swiss"]
[EventRounds "9"]
[EventCountry "ENG"]
[SourceTitle "Mega2025 Update 17"]
[Source "Chessbase"]
[SourceDate "2025.02.28"]
[SourceVersion "1"]
[SourceVersionDate "2025.02.28"]
[SourceQuality "1"]

1. d4 d5 2. c4 e6 3. Nf3 a6 4. cxd5 exd5 5. Nc3 Nf6 6. Bg5 Be6 7. e3 Nbd7 8. Bd3 c6 9. h3 Bd6 10. O-O O-O 11. Ne2 Re8 12. Bf4 Nf8 13. Ne5 Ng6 14. Bh2 Bxe5 15. dxe5 Ne4 16. Qc2 Qb6 17. Rac1 Rad8 18. b3 Bc8 19. Qb2 a5 20. Rfd1 Qb4 21. f3 Nc5 22. Bb1 Qb6 23. Nd4 a4 24. Qc3 Nd7 25. f4 axb3 26. axb3 Ndf8 27. Kh1 f6 28. exf6 gxf6 29. b4 Re7 30. Bg1 Qc7 31. b5 Rg7 32. bxc6 Nh4 33. Rd2 bxc6 34. Nxc6 Rd6 35. Nd4 Qxc3 36. Rxc3 Bd7 37. f5 Rg5 38. Rf2 Ra6 39. Kh2 Ra1 40. Bd3 Rd1 41. g3 Rxg1 42. Kxg1 Rxg3+ 43. Kh2 Rxe3 44. Rf4 1-0

[Event "Isle of Wight op"]
[Site "Ryde ENG"]
[Date "2025.02.23"]
[Round "9"]
[White "Kaufman, Raymond"]
[Black "Radeva, Viktoria"]
[Result "1/2-1/2"]
[WhiteElo "2178"]
[BlackElo "2303"]
[PlyCount "93"]
[GameId "2148950852645613"]
[EventDate "2025.02.18"]
[EventType "swiss"]
[EventRounds "9"]
[EventCountry "ENG"]
[SourceTitle "Mega2025 Update 17"]
[Source "Chessbase"]
[SourceDate "2025.02.28"]
[SourceVersion "1"]
[SourceVersionDate "2025.02.28"]
[SourceQuality "1"]

1. d4 Nf6 2. c4 e6 3. Bf4 Bb4+ 4. Nd2 c5 5. dxc5 Bxc5 6. e3 d5 7. Ngf3 Nc6 8. a3 a5 9. Rc1 Be7 10. cxd5 Nxd5 11. Bg3 O-O 12. Nc4 Bd7 13. Bd3 Be8 14. O-O b5 15. Nce5 Nxe5 16. Nxe5 Rc8 17. Rxc8 Qxc8 18. Qb1 g6 19. Rc1 Qa8 20. Be4 f6 21. Nd3 Bf7 22. Nf4 e5 23. Ne2 Rd8 24. h4 Qa7 25. h5 Kg7 26. Rd1 b4 27. Rd3 bxa3 28. bxa3 Nb6 29. Rxd8 Bxd8 30. Bc6 Nc4 31. Qd3 Be7 32. a4 Qc5 33. Qd7 Nb6 34. Qb7 gxh5 35. Bh4 Qb4 36. Ng3 Bg6 37. Ne4 Bxe4 38. Bxe4 Nxa4 39. Qd7 Nc3 40. Bxf6+ Kxf6 41. Qf5+ Kg7 42. Qxh7+ Kf8 43. Bg6 Qc4 44. Qh6+ Kg8 45. Bh7+ Kf7 46. Bg6+ Kg8 47. Bh7+ 1/2-1/2

[Event "Banff op"]
[Site "Banff CAN"]
[Date "2024.11.09"]
[Round "1.6"]
[White "Kaufman, Raymond"]
[Black "Hinson, Miles"]
[Result "1-0"]
[WhiteElo "2177"]
[BlackElo "1977"]
[PlyCount "43"]
[GameId "2160767905787313"]
[EventDate "2024.11.09"]
[EventType "swiss"]
[EventRounds "6"]
[EventCountry "CAN"]

1. d4 Nf6 2. Nf3 g6 3. Nc3 d5 4. Bf4 Bg7 5. Nb5 Na6 6. e3 c6 7. Nc3 Qb6 8. Rb1 O-O 9. h3 c5 10. Be2 Rd8 11. O-O Bf5 12. Bxa6 Qxa6 13. dxc5 Rac8 14. Nd4 Bd7 15. b4 Re8 16. Nf3 Bf5 17. Be5 Red8 18. Nd4 Be6 19. b5 Qa5 20. c6 Qxc3 21. cxb7 Rc7 22. Nxe6 1-0

[Event "Banff op"]
[Site "Banff CAN"]
[Date "2024.11.09"]
[Round "2.4"]
[White "Eshraghi, Mahan"]
[Black "Kaufman, Raymond"]
[Result "1/2-1/2"]
[WhiteElo "1797"]
[BlackElo "2177"]
[PlyCount "65"]
[GameId "2160767905787321"]
[EventDate "2024.11.09"]
[EventType "swiss"]
[EventRounds "6"]
[EventCountry "CAN"]

1. e4 c5 2. Nf3 d6 3. d4 cxd4 4. Nxd4 Nf6 5. Nc3 Nc6 6. Bg5 e6 7. Qd2 a6 8. O-O-O Be7 9. f3 Nxd4 10. Qxd4 b5 11. Kb1 Bb7 12. g4 Qc7 13. a3 Rd8 14. Be2 d5 15. e5 Ng8 16. Bxe7 Nxe7 17. f4 O-O 18. Rhf1 f6 19. exf6 Rxf6 20. Ne4 Rh6 21. Ng5 Bc8 22. Bd3 Nc6 23. Qc5 Qd6 24. Qb6 Rh4 25. h3 Rxh3 26. Qg1 Rh6 27. Qg3 Rf8 28. Qe3 Rh4 29. Qg3 Rh6 30. Qe3 Rh4 31. Qg3 Rh6 32. Qe3 e5 33. Be4 1/2-1/2

[Event "Banff op"]
[Site "Banff CAN"]
[Date "2024.11.10"]
[Round "3.5"]
[White "Kaufman, Raymond"]
[Black "Lin, Leo"]
[Result "0-1"]
[WhiteElo "2177"]
[BlackElo "2055"]
[PlyCount "66"]
[GameId "2160767905787332"]
[EventDate "2024.11.09"]
[EventType "swiss"]
[EventRounds "6"]
[EventCountry "CAN"]

1. d4 Nf6 2. Nf3 g6 3. Nc3 d5 4. Bf4 c6 5. h3 Bg7 6. e3 O-O 7. Be2 Nbd7 8. O-O b6 9. a4 a5 10. Re1 Bb7 11. Bh2 Rc8 12. Bd3 c5 13. Ne5 Ne8 14. Nb5 Nxe5 15. dxe5 Nc7 16. Nxc7 Qxc7 17. e6 Qc6 18. exf7+ Rxf7 19. Bb5 Qf6 20. f4 Qxb2 21. Rb1 Qf6 22. Bd7 Rd8 23. Qg4 Kh8 24. Qe6 Qf5 25. g4 Qxc2 26. Rxb6 Qc3 27. Bg3 Rxf4 28. Rxb7 Rf3 29. Bh4 Bf6 30. Qb6 Bxh4 31. Qxd8+ Kg7 32. Reb1 Qxe3+ 33. Kh1 Rxh3+ 0-1

[Event "Banff op"]
[Site "Banff CAN"]
[Date "2024.11.10"]
[Round "4.8"]
[White "Bahmani, Amir Mohammad"]
[Black "Kaufman, Raymond"]
[Result "0-1"]
[WhiteElo "2217"]
[BlackElo "2177"]
[PlyCount "84"]
[GameId "2160767905787345"]
[EventDate "2024.11.09"]
[EventType "swiss"]
[EventRounds "6"]
[EventCountry "CAN"]

1. e4 c5 2. Ne2 Nc6 3. d4 cxd4 4. Nxd4 Nf6 5. Nc3 d6 6. Be2 e5 7. Nb3 Be6 8. Be3 Be7 9. O-O O-O 10. Bf3 a5 11. a4 Nb4 12. Nd5 Nfxd5 13. exd5 Bf5 14. Rc1 Rc8 15. c3 Nd3 16. Rc2 Bg5 17. Bg4 Bxg4 18. Qxd3 f5 19. Bxg5 Qxg5 20. f3 Bh5 21. f4 Qd8 22. Qe3 Rc4 23. Nd2 Rxa4 24. fxe5 f4 25. Qh3 Bg6 26. Qe6+ Kh8 27. b3 Bxc2 28. bxa4 dxe5 29. Nf3 Bd3 30. Rc1 Bc4 31. Qxe5 Qxd5 32. Qe7 Rc8 33. Rb1 Ba6 34. Re1 h6 35. Nd4 Qc5 36. Qf7 Qf8 37. Qg6 Rxc3 38. Ne6 Qe7 39. Rd1 Rc8 40. h4 Bc4 41. Nxf4 Qe3+ 42. Kh1 Qxf4 0-1

[Event "Banff op"]
[Site "Banff CAN"]
[Date "2024.11.11"]
[Round "5.4"]
[White "Chandra, Anand"]
[Black "Kaufman, Raymond"]
[Result "1/2-1/2"]
[WhiteElo "2073"]
[BlackElo "2177"]
[PlyCount "49"]
[GameId "2160767905787351"]
[EventDate "2024.11.09"]
[EventType "swiss"]
[EventRounds "6"]
[EventCountry "CAN"]

1. e4 c5 2. Nf3 d6 3. d4 cxd4 4. Nxd4 Nf6 5. Nc3 Nc6 6. Bg5 e6 7. Nb3 Be7 8. Be3 O-O 9. Be2 a6 10. a4 Na5 11. Nxa5 Qxa5 12. O-O Bd7 13. Qd2 Rfc8 14. f3 h6 15. Rfd1 Qc7 16. Bd3 Bc6 17. Qf2 d5 18. Bb6 Qb8 19. exd5 Nxd5 20. Nxd5 Bxd5 21. a5 Qe5 22. Bd4 Qf4 23. Qe3 Qxe3+ 24. Bxe3 Bf6 25. c3 1/2-1/2

[Event "Banff op"]
[Site "Banff CAN"]
[Date "2024.11.11"]
[Round "6.6"]
[White "Kaufman, Raymond"]
[Black "Wu, Jonathan"]
[Result "1-0"]
[WhiteElo "2177"]
[BlackElo "2013"]
[PlyCount "81"]
[GameId "2160767905787363"]
[EventDate "2024.11.09"]
[EventType "swiss"]
[EventRounds "6"]
[EventCountry "CAN"]

1. e4 c5 2. Nf3 d6 3. d4 cxd4 4. Nxd4 Nf6 5. Nc3 a6 6. h3 e5 7. Nb3 Be6 8. g4 h6 9. Bg2 Nbd7 10. Qf3 Rc8 11. O-O Be7 12. Be3 O-O 13. Rad1 b5 14. a3 Rxc3 15. bxc3 Qc7 16. g5 hxg5 17. Bxg5 Rc8 18. Rfe1 Qxc3 19. Qxc3 Rxc3 20. Na5 Nc5 21. f4 Rxa3 22. Nc6 Bf8 23. fxe5 dxe5 24. Rd8 Nfd7 25. Be7 f6 26. Rd1 Kf7 27. Rxf8+ Nxf8 28. Bxc5 Rg3 29. Nd8+ Ke8 30. Kh2 Rc3 31. Bxf8 Bd7 32. Nb7 Kxf8 33. Rxd7 Rxc2 34. Na5 Ra2 35. Nc6 a5 36. Ra7 a4 37. Kg3 Rb2 38. Bf1 Rb3+ 39. Kg4 a3 40. Kf5 a2 41. Rxa2 1-0

[Event "Jack Taylor mem."]
[Site "Victoria CAN"]
[Date "2024.10.25"]
[Round "1.1"]
[White "Gray, Kayla"]
[Black "Kaufman, Raymond"]
[Result "0-1"]
[WhiteElo "1469"]
[BlackElo "2312"]
[PlyCount "54"]
[GameId "2160767905787503"]
[EventDate "2024.10.25"]
[EventType "swiss"]
[EventRounds "5"]
[EventCountry "CAN"]
[WhiteTeam "Canada"]
[BlackTeam "Canada"]
[WhiteTeamCountry "CAN"]
[BlackTeamCountry "CAN"]

1. d4 Nf6 2. c4 e6 3. Nf3 c5 4. d5 d6 5. Nc3 exd5 6. cxd5 g6 7. e4 Bg7 8. Bb5+ Bd7 9. Bxd7+ Nbxd7 10. O-O O-O 11. Bf4 Qb6 12. Qc2 Nh5 13. Be3 Ne5 14. Nd2 Qa6 15. a4 Qd3 16. Rac1 a6 17. a5 f5 18. Bg5 Rae8 19. f3 Qd4+ 20. Kh1 c4 21. Ne2 Qc5 22. Qa4 Nd3 23. Rxc4 Qa7 24. Qd7 Nf2+ 25. Kg1 Nxe4+ 26. Kh1 Nf2+ 27. Kg1 Rxe2 0-1

[Event "Jack Taylor mem."]
[Site "Victoria CAN"]
[Date "2024.10.26"]
[Round "2.1"]
[White "Kaufman, Raymond"]
[Black "Braich, Brandon"]
[Result "1-0"]
[WhiteElo "2312"]
[BlackElo "1786"]
[PlyCount "81"]
[GameId "2160767905787508"]
[EventDate "2024.10.25"]
[EventType "swiss"]
[EventRounds "5"]
[EventCountry "CAN"]
[WhiteTeam "Canada"]
[BlackTeam "Canada"]
[WhiteTeamCountry "CAN"]
[BlackTeamCountry "CAN"]

1. d4 Nf6 2. Nf3 e6 3. Bf4 d5 4. e3 c5 5. Nbd2 Qb6 6. Rb1 Nc6 7. dxc5 Bxc5 8. b4 Be7 9. h3 O-O 10. Be2 Ne4 11. Nxe4 dxe4 12. Nd2 e5 13. Bh2 Be6 14. b5 Nb4 15. a3 Nd5 16. Bxe5 Nxe3 17. fxe3 Qxe3 18. Nf1 Qg5 19. Qd4 f6 20. Bg3 Bc5 21. Qxe4 Bd5 22. h4 Bxe4 23. hxg5 Bxg2 24. Rh2 Bxf1 25. Kxf1 fxg5+ 26. Kg2 h6 27. Bc4+ Kh8 28. a4 Rad8 29. Bd3 Bd6 30. Re1 Bxg3 31. Kxg3 Rd7 32. Rf2 Rfd8 33. Rfe2 Kg8 34. Bg6 Rf7 35. Bxf7+ Kxf7 36. Re7+ Kg6 37. Rxb7 Rd4 38. a5 h5 39. a6 h4+ 40. Kh3 Rc4 41. b6 1-0

[Event "Jack Taylor mem."]
[Site "Victoria CAN"]
[Date "2024.10.26"]
[Round "3.1"]
[White "Williamson, Jason"]
[Black "Kaufman, Raymond"]
[Result "0-1"]
[WhiteElo "1918"]
[BlackElo "2312"]
[PlyCount "54"]
[GameId "2160767905787513"]
[EventDate "2024.10.25"]
[EventType "swiss"]
[EventRounds "5"]
[EventCountry "CAN"]

1. e4 c5 2. Nf3 d6 3. d4 cxd4 4. Nxd4 Nf6 5. Nc3 Nc6 6. Be2 e6 7. Be3 Be7 8. Qd2 O-O 9. g4 Nxd4 10. Qxd4 e5 11. Qd1 Be6 12. g5 Ne8 13. h4 Nc7 14. Nd5 Nxd5 15. exd5 Qa5+ 16. Bd2 Qxd5 17. Bf3 Qb5 18. a4 Qd7 19. h5 d5 20. g6 fxg6 21. hxg6 hxg6 22. Rg1 Bh4 23. Rxg6 Qf7 24. Rxe6 Qxe6 25. Bg5 e4 26. Bg4 Bxf2+ 27. Ke2 Qe5 0-1

[Event "Jack Taylor mem."]
[Site "Victoria CAN"]
[Date "2024.10.27"]
[Round "4.1"]
[White "Kaufman, Raymond"]
[Black "Sali, Zulfikar"]
[Result "1-0"]
[WhiteElo "2312"]
[BlackElo "2285"]
[PlyCount "49"]
[GameId "2160767905787518"]
[EventDate "2024.10.25"]
[EventType "swiss"]
[EventRounds "5"]
[EventCountry "CAN"]
[WhiteTeam "Canada"]
[BlackTeam "England"]
[WhiteTeamCountry "CAN"]
[BlackTeamCountry "ENG"]

1. d4 Nf6 2. Nf3 g6 3. Nc3 d5 4. Bf4 Bg7 5. Nb5 Na6 6. e3 O-O 7. h3 Bf5 8. Bd3 Ne4 9. O-O c5 10. c3 c4 11. Bc2 Qb6 12. a4 Bd7 13. Bxe4 dxe4 14. Nd2 Bxb5 15. axb5 Qxb5 16. Nxe4 Rfd8 17. Qa4 Qd5 18. Nd2 e5 19. Bg3 exd4 20. exd4 Rac8 21. Rfe1 Nc5 22. Qa5 Nd3 23. Re8+ Rxe8 24. Qxd5 Nxb2 25. Qxb7 1-0

[Event "Jack Taylor mem."]
[Site "Victoria CAN"]
[Date "2024.10.27"]
[Round "5.1"]
[White "Liu, Zachary"]
[Black "Kaufman, Raymond"]
[Result "1/2-1/2"]
[WhiteElo "2099"]
[BlackElo "2312"]
[PlyCount "20"]
[GameId "2160767905787523"]
[EventDate "2024.10.25"]
[EventType "swiss"]
[EventRounds "5"]
[EventCountry "CAN"]
[WhiteTeam "Canada"]
[BlackTeam "Canada"]
[WhiteTeamCountry "CAN"]
[BlackTeamCountry "CAN"]

1. c4 Nf6 2. g3 e6 3. Nf3 d5 4. Bg2 Be7 5. O-O O-O 6. b3 c6 7. Bb2 a5 8. Qc2 a4 9. d4 Ne4 10. Nbd2 f5 1/2-1/2

[Event "Greater Vancouver 5"]
[Site "Burnaby CAN"]
[Date "2024.10.19"]
[Round "3.2"]
[White "Nunez Asencio, Jorge"]
[Black "Kaufman, Raymond"]
[Result "1/2-1/2"]
[WhiteElo "2355"]
[BlackElo "2318"]
[PlyCount "144"]
[GameId "2160767905787533"]
[EventDate "2024.10.19"]
[EventType "swiss"]
[EventRounds "5"]
[EventCountry "CAN"]

1. d4 Nf6 2. c4 e6 3. Nc3 Bb4 4. e3 O-O 5. Bd3 Re8 6. Nge2 d5 7. a3 Bf8 8. O-O Nbd7 9. cxd5 exd5 10. b4 a5 11. b5 c5 12. bxc6 bxc6 13. Na4 Bd6 14. Ng3 g6 15. Qc2 Qc7 16. Bd2 Nf8 17. Rfc1 Ne6 18. Nc5 Nxc5 19. dxc5 Be5 20. Bc3 Ng4 21. Be2 h5 22. Bxg4 Bxg4 23. Bxe5 Qxe5 24. Qa4 Bd7 25. Rab1 Reb8 26. Rxb8+ Rxb8 27. Qxa5 h4 28. Nf1 h3 29. Qc3 Qxc3 30. Rxc3 Rb1 31. f3 Bc8 32. Rc2 Ba6 33. Rf2 Rc1 34. gxh3 Rxc5 35. Nd2 Rc3 36. e4 d4 37. e5 c5 38. Ne4 Rc1+ 39. Kg2 c4 40. Rb2 Kf8 41. Rb6 c3 42. Rxa6 c2 43. Rc6 d3 44. Kf2 Rh1 45. Ke3 c1=Q+ 46. Rxc1 Rxc1 47. Kxd3 Ra1 48. Ke3 Rxa3+ 49. Kf4 Ra2 50. Kg3 Ke7 51. Ng5 Rb2 52. h4 Ra2 53. h3 Rb2 54. Kf4 Rg2 55. Ne4 Ra2 56. Ng5 Ra4+ 57. Kg3 f6 58. exf6+ Kxf6 59. Ne4+ Kf5 60. Nd6+ Ke5 61. Nf7+ Ke6 62. Ng5+ Kf5 63. Ne4 Ra2 64. Nd6+ Ke5 65. Nf7+ Kd4 66. Kf4 Rg2 67. Ne5 Rg1 68. Ng4 Rh1 69. Nf2 Rf1 70. Ng4 Rh1 71. Nf2 Rf1 72. Ng4 Kd3 1/2-1/2

[Event "Greater Vancouver 5"]
[Site "Burnaby CAN"]
[Date "2024.10.20"]
[Round "4.1"]
[White "Kaufman, Raymond"]
[Black "Yang, Jingyun (Ryan)"]
[Result "1/2-1/2"]
[WhiteElo "2318"]
[BlackElo "2298"]
[PlyCount "115"]
[GameId "2160767905787534"]
[EventDate "2024.10.19"]
[EventType "swiss"]
[EventRounds "5"]
[EventCountry "CAN"]

1. e4 c5 2. Nf3 Nc6 3. Bb5 g6 4. c3 a6 5. Bxc6 dxc6 6. O-O Bg7 7. Qe2 e5 8. d3 Ne7 9. Be3 b6 10. Nbd2 Qc7 11. Nc4 Be6 12. a4 a5 13. Nfd2 O-O 14. f4 exf4 15. Bxf4 Qa7 16. Kh1 Rad8 17. Bg5 f6 18. Bh4 Rd7 19. e5 f5 20. Nd6 Nc8 21. N2c4 Nxd6 22. Nxd6 Qc7 23. Bg3 Qd8 24. d4 cxd4 25. cxd4 Qg5 26. Rac1 Bd5 27. Bf4 Qe7 28. Qd2 Qe6 29. Bh6 Bxh6 30. Qxh6 Rxd6 31. exd6 Qxd6 32. Qe3 Qb4 33. h4 Qxb2 34. Rf2 Qb4 35. h5 Qd6 36. hxg6 hxg6 37. Rb1 Qd8 38. Qh6 Rf6 39. Rf4 Be4 40. Rh4 Kf7 41. Qh7+ Ke6 42. Re1 Kd6 43. Qh6 Re6 44. Qf4+ Kd5 45. Qg3 Qf6 46. Rh7 Re7 47. Rxe7 Qxe7 48. Rc1 Qg7 49. Rd1 Ke6 50. Qe3 Kf7 51. Qf4 Qh8+ 52. Kg1 Qd8 53. Qe5 Qg5 54. Qc7+ Kf8 55. Qb8+ Kf7 56. Qc7+ Kf8 57. Qd6+ Kf7 58. Qc7+ 1/2-1/2

[Event "British Columbia-ch"]
[Site "North Vancouver CAN"]
[Date "2024.10.11"]
[Round "1.4"]
[White "Yang, Jingyun (Ryan)"]
[Black "Kaufman, Raymond"]
[Result "1/2-1/2"]
[WhiteElo "2305"]
[BlackElo "2297"]
[PlyCount "45"]
[GameId "2160767905787629"]
[EventDate "2024.10.11"]
[EventType "tourn"]
[EventRounds "7"]
[EventCountry "CAN"]

1. e4 e5 2. Nf3 Nc6 3. Bc4 d6 4. h3 Be7 5. c3 Nf6 6. d3 O-O 7. a4 a5 8. O-O h6 9. Re1 Nd7 10. Nbd2 Nb6 11. Bb3 Kh8 12. Nf1 f5 13. Ne3 fxe4 14. dxe4 Qe8 15. Kh2 Nd8 16. Bc2 Nf7 17. Nd5 Nxd5 18. exd5 Ng5 19. Nxg5 Bxg5 20. Bxg5 hxg5 21. Re3 Rxf2 22. Rf3 Rxf3 23. Qxf3 1/2-1/2

[Event "British Columbia-ch"]
[Site "North Vancouver CAN"]
[Date "2024.10.12"]
[Round "2.1"]
[White "Qu, Leo"]
[Black "Kaufman, Raymond"]
[Result "1/2-1/2"]
[WhiteElo "2214"]
[BlackElo "2297"]
[PlyCount "37"]
[GameId "2160767905787630"]
[EventDate "2024.10.11"]
[EventType "tourn"]
[EventRounds "7"]
[EventCountry "CAN"]

1. d4 d5 2. Bf4 e6 3. e3 Bd6 4. Nf3 Bxf4 5. exf4 Ne7 6. Bd3 b6 7. c3 O-O 8. Nbd2 Ba6 9. Bxa6 Nxa6 10. O-O c5 11. Qe2 Nb8 12. Rfd1 Nbc6 13. Nf1 cxd4 14. Nxd4 Nxd4 15. Rxd4 Qc7 16. g3 Nf5 17. Rd2 Rac8 18. Ne3 Nxe3 19. Qxe3 1/2-1/2

[Event "British Columbia-ch"]
[Site "North Vancouver CAN"]
[Date "2024.10.12"]
[Round "3.4"]
[White "Kaufman, Raymond"]
[Black "Aljo, Johan"]
[Result "1/2-1/2"]
[WhiteElo "2297"]
[BlackElo "2111"]
[PlyCount "95"]
[GameId "2160767905787636"]
[EventDate "2024.10.11"]
[EventType "tourn"]
[EventRounds "7"]
[EventCountry "CAN"]

1. e4 c5 2. Nf3 d6 3. Bb5+ Bd7 4. Bxd7+ Qxd7 5. O-O Nc6 6. c3 d5 7. d3 dxe4 8. dxe4 Qxd1 9. Rxd1 e5 10. Na3 f6 11. Nb5 Rc8 12. Be3 a6 13. Nd6+ Bxd6 14. Rxd6 Nb8 15. Rad1 Ne7 16. Nd2 Kf7 17. Rb6 Rc7 18. Nc4 Nc8 19. Nd6+ Nxd6 20. Rbxd6 Ke7 21. Kf1 Rhc8 22. Ke2 Rd7 23. R6d5 Rxd5 24. Rxd5 Nd7 25. c4 b5 26. b3 bxc4 27. bxc4 Rb8 28. Bxc5+ Nxc5 29. Rxc5 Rb2+ 30. Kd3 Rxa2 31. Rc7+ Kd6 32. Rxg7 Rxf2 33. h4 h5 34. Ke3 Rc2 35. Kd3 Rf2 36. Ke3 Rc2 37. Rg6 Ke6 38. Kd3 Rc1 39. Rh6 Rd1+ 40. Kc3 Re1 41. Kd3 Rd1+ 42. Ke3 Rc1 43. Rxh5 Rxc4 44. Rh8 Rc3+ 45. Kf2 Rc4 46. Kf3 Rc3+ 47. Kf2 Rc4 48. Kf3 1/2-1/2

[Event "British Columbia-ch"]
[Site "North Vancouver CAN"]
[Date "2024.10.13"]
[Round "4.2"]
[White "Nguyen, Van Thanh"]
[Black "Kaufman, Raymond"]
[Result "1/2-1/2"]
[WhiteElo "2473"]
[BlackElo "2297"]
[PlyCount "30"]
[GameId "2160767905787638"]
[EventDate "2024.10.11"]
[EventType "tourn"]
[EventRounds "7"]
[EventCountry "CAN"]

1. e4 e5 2. Nf3 Nc6 3. Nc3 Nf6 4. d4 exd4 5. Nxd4 Bb4 6. Nxc6 bxc6 7. Bd3 O-O 8. O-O d5 9. exd5 cxd5 10. Bg5 c6 11. Qf3 Re8 12. Ne2 Bg4 13. Bxf6 Bxf3 14. Bxd8 Bxe2 15. Bxe2 Rexd8 1/2-1/2

[Event "British Columbia-ch"]
[Site "North Vancouver CAN"]
[Date "2024.10.13"]
[Round "5.3"]
[White "Kaufman, Raymond"]
[Black "Doknjas, Neil"]
[Result "1-0"]
[WhiteElo "2297"]
[BlackElo "2377"]
[PlyCount "63"]
[GameId "2160767905787642"]
[EventDate "2024.10.11"]
[EventType "tourn"]
[EventRounds "7"]
[EventCountry "CAN"]

1. e4 c5 2. Nf3 Nc6 3. Bb5 Nf6 4. Qe2 e5 5. O-O Bd6 6. d3 h6 7. c3 Bc7 8. Be3 d6 9. d4 cxd4 10. cxd4 O-O 11. dxe5 Nxe4 12. Bxh6 d5 13. Bf4 Bg4 14. Bxc6 bxc6 15. h3 Bxf3 16. Qxf3 Re8 17. Nc3 Bxe5 18. Bxe5 Rxe5 19. Rfe1 Ng5 20. Qg3 Rxe1+ 21. Rxe1 Ne6 22. b3 Qa5 23. Re5 Qa3 24. Kh2 Qc1 25. Ne2 Qd2 26. f4 Nc5 27. Qh4 g6 28. f5 g5 29. Qh6 Qb2 30. Qxg5+ Kf8 31. f6 Ne6 32. Rxe6 1-0

[Event "British Columbia-ch"]
[Site "North Vancouver CAN"]
[Date "2024.10.14"]
[Round "6.3"]
[White "MacKinnon, Keith"]
[Black "Kaufman, Raymond"]
[Result "0-1"]
[WhiteElo "2302"]
[BlackElo "2297"]
[PlyCount "72"]
[GameId "2160767905787646"]
[EventDate "2024.10.11"]
[EventType "tourn"]
[EventRounds "7"]
[EventCountry "CAN"]

1. c4 e5 2. Nc3 Bb4 3. Nd5 Be7 4. d4 d6 5. e4 Nf6 6. Nxe7 Qxe7 7. f3 c5 8. d5 Nbd7 9. Be3 Nf8 10. Qd2 Ng6 11. Bd3 O-O 12. Ne2 a6 13. h4 Nh5 14. Kf2 f5 15. exf5 Bxf5 16. Bxf5 Rxf5 17. g4 Rf7 18. Bg5 Nf6 19. Kg2 e4 20. f4 Qd7 21. f5 Ne5 22. Bxf6 Rxf6 23. Ng3 Nxg4 24. Qe2 Nh6 25. Nxe4 Rxf5 26. Raf1 Re8 27. Rxf5 Nxf5 28. Qd3 Nd4 29. Rf1 Qg4+ 30. Ng3 Re2+ 31. Rf2 Rxf2+ 32. Kxf2 Qxh4 33. Qe3 Kf7 34. Kg2 Qg4 35. Kf2 h5 36. Ne4 Nf5 0-1

[Event "British Columbia-ch"]
[Site "North Vancouver CAN"]
[Date "2024.10.14"]
[Round "7.2"]
[White "Kaufman, Raymond"]
[Black "Doknjas, John"]
[Result "1/2-1/2"]
[WhiteElo "2297"]
[BlackElo "2406"]
[PlyCount "20"]
[GameId "2160767905787648"]
[EventDate "2024.10.11"]
[EventType "tourn"]
[EventRounds "7"]
[EventCountry "CAN"]

1. e4 e5 2. Nf3 Nf6 3. Nc3 Nc6 4. Nd5 Bc5 5. c3 O-O 6. d4 exd4 7. cxd4 Nxd5 8. dxc5 Nf6 9. Bg5 h6 10. Bh4 g5 1/2-1/2